000 01262cam a22003617a 4500
003 CHAP
005 20220329135223.0
008 971013s1978 r 00010 d
010 _a32858
011 _a33830
035 _a37946
040 _cCHAP
082 _a631.42
_bL6 1978
100 0 0 _aLópez Ritas, Julio.
_968274
245 1 3 _aEl diagnóstico de suelos y plantas
_b: métodos de campo y laboratorio
250 _a3 ed.
260 _aMadrid :
_bMundi-Prensa,
_c1978
300 _a337 p.
_b: láms. gráfs.
590 _aBATCH-UPD
_b10
_c20130110
_lUCH01
_h0000
590 _aBATCH-UPD
_b10
_c20130110
_lUCH01
_h1919
590 _aBATCH-UPD
_b10
_c20130409
_lUCH01
_h1934
590 _aBATCH-UPD
_b10
_c20130410
_lUCH01
_h1246
590 _aBATCH-UPD
_b10
_c20130914
_lUCH01
_h1733
590 _aCONVERSION
_b10
_c20130109
_lUCH01
_h1318
650 1 4 _aPlantas
_xDeficiencias nutritivas.
_988812
650 1 4 _aQuímica vegetal.
_993602
650 1 4 _aSuelos
_xAnálisis.
_9110204
901 _aBK
942 _cLIBRO
949 _a631.42 L6 1978
_bBC
_cLIBRO
_d-86932
_eLIBRO
_fc.3
_h11341
_i37946
_si
949 _a631.42 L6 1978
_bBC
_cLIBRO
_d33724000068540
_eLIBRO
_fc.2
_h11340
_i37946
_si
949 _a631.42 L6 1978
_bBC
_cLIBRO
_d33724000068557
_eLIBRO
_h11339
_i37946
_si
999 _c32858
_d32858